[Event "Stuttgart-chA int"]
[Site "Gerlingen"]
[Date "2007.05.17"]
[Round "1"]
[White "Von Wantoch Rekowski, Danijela"]
[Black "Keller, Alfred"]
[Result "1-0"]
[WhiteElo "2114"]
[BlackElo "1946"]
[PlyCount "83"]
[EventDate "2007.05.17"]
[EventType "swiss"]
[EventRounds "7"]
[EventCountry "GER"]
[SourceTitle "EXT 2018"]
[Source "ChessBase"]
[SourceDate "2017.10.13"]
[SourceVersion "1"]
[SourceVersionDate "2017.10.13"]
[SourceQuality "1"]

1. e4 c5 2. Nf3 Nc6 3. d4 cxd4 4. Nxd4 Nf6 5. Nc3 e5 6. Ndb5 d6 7. Bg5 a6 8. Na3 b5 9. Nd5 Be7 10. Bxf6 Bxf6 11. c3 Bg5 12. Nc2 0-0 13. h4 Bh6 14. g3 f5 15. exf5 Bxf5 16. Bg2 Rc8 17. Nce3 Bxe3 18. Nxe3 e4 19. Qd5+ Kh8 20. Nxf5 Qf6 21. 0-0 Qxf5 22. Qxf5 Rxf5 23. Bh3 Rcf8 24. Bxf5 Rxf5 25. Rad1 d5 26. Kg2 h5 27. f3 Re5 28. fxe4 dxe4 29. Rde1 Ne7 30. Rf4 e3 31. Rf8+ Kh7 32. Kf3 Nd5 33. Rd8 a5 34. Rb8 Nf6 35. Rxe3 Rf5+ 36. Ke2 Ng4 37. Rf3 Re5+ 38. Kd2 Rd5+ 39. Kc2 Re5 40. Kb3 Rd5 41. a4 bxa4+ 42. Kxa4 1-0

[Event "Stuttgart-chA int"]
[Site "Ditzingen"]
[Date "2005.05.06"]
[Round "4"]
[White "Scharping, Hans Martin"]
[Black "Keller, Alfred"]
[Result "1-0"]
[WhiteElo "2147"]
[BlackElo "1999"]
[PlyCount "49"]
[EventDate "2005.05.05"]
[EventType "swiss"]
[EventRounds "7"]
[EventCountry "GER"]
[SourceTitle "EXT 2018"]
[Source "ChessBase"]
[SourceDate "2017.10.13"]
[SourceVersion "1"]
[SourceVersionDate "2017.10.13"]
[SourceQuality "1"]

1. d4 d5 2. c4 e5 3. dxe5 d4 4. Nf3 Nc6 5. g3 Nge7 6. Bg2 Ng6 7. 0-0 Ngxe5 8. b3 Bc5 9. Bb2 Nxf3+ 10. exf3 Be6 11. Nd2 Qd7 12. Ne4 Be7 13. f4 h6 14. a3 0-0 15. Re1 f5 16. Nd2 Bf6 17. Rxe6 Rfe8 18. Rxe8+ Rxe8 19. Nf3 g5 20. fxg5 hxg5 21. Qd2 g4 22. Ne1 Qh7 23. Nd3 Ne5 24. Nxe5 Bxe5 25. Bd5+ 1-0

[Event "Stuttgart-chA int"]
[Site "Ditzingen"]
[Date "2005.05.05"]
[Round "2"]
[White "Ellinger, Harald"]
[Black "Keller, Alfred"]
[Result "0-1"]
[WhiteElo "1702"]
[BlackElo "1999"]
[PlyCount "112"]
[EventDate "2005.05.05"]
[EventType "swiss"]
[EventRounds "7"]
[EventCountry "GER"]
[SourceTitle "EXT 2018"]
[Source "ChessBase"]
[SourceDate "2017.10.13"]
[SourceVersion "1"]
[SourceVersionDate "2017.10.13"]
[SourceQuality "1"]

1. Nf3 d5 2. d4 Nf6 3. c4 dxc4 4. e3 Bg4 5. Bxc4 e6 6. h3 Bh5 7. 0-0 a6 8. Nbd2 Nc6 9. Be2 Bg6 10. a3 Bd6 11. Nc4 0-0 12. b4 Nd5 13. Bb2 f6 14. Nxd6 Qxd6 15. Qb3 Bf7 16. Bd3 Rfe8 17. Qc2 g6 18. Rfd1 Qe7 19. Qd2 Rad8 20. e4 Nb6 21. Qc2 Nb8 22. Rac1 c6 23. e5 f5 24. Qd2 N8d7 25. Ng5 Nd5 26. Bc4 N7b6 27. Bb3 Kg7 28. Nxf7 Qxf7 29. Rc2 Qe7 30. Bc1 Kg8 31. Qh6 Qg7 32. Qh4 Rd7 33. Bg5 Qf7 34. Rd3 Ne7 35. Rcd2 Nbd5 36. Rf3 Rc7 37. Qg3 Rd7 38. Qh4 Rc7 39. Rc2 Rd7 40. Rd2 Rc7 41. g4 Rd7 42. Rdd3 Rc7 43. Qg3 Qg7 44. Qh4 Qf7 45. Bh6 Rd7 46. Qg3 Red8 47. Bg5 Kg7 48. Bxd5 Rxd5 49. Qh4 R8d7 50. Qh6+ Kg8 51. Rf4 Rxe5 52. Qh4 Re1+ 53. Kg2 e5 54. dxe5 Rxd3 55. Bxe7 Qd5+ 56. f3 Rd2+ 0-1

[Event "Wuerttemberg-ch B"]
[Site "Stuttgart"]
[Date "2004.08.29"]
[Round "2"]
[White "Keller, Alfred"]
[Black "Werner, Bernd Michael"]
[Result "0-1"]
[WhiteElo "2025"]
[BlackElo "2123"]
[PlyCount "92"]
[EventDate "2004.08.28"]
[EventType "swiss"]
[EventRounds "9"]
[EventCountry "GER"]
[SourceTitle "CBM 102 Extra"]
[Source "ChessBase"]
[SourceDate "2004.11.03"]
[SourceVersion "1"]
[SourceVersionDate "2004.11.03"]
[SourceQuality "1"]

1. e4 Nf6 2. e5 Nd5 3. c4 Nb6 4. d4 d6 5. f4 dxe5 6. fxe5 Nc6 7. Be3 Bf5 8. Nc3 e6 9. Nf3 Be7 10. d5 exd5 11. cxd5 Nb4 12. Nd4 Bg6 13. Bb5+ Kf8 14. 0-0 Kg8 15. d6 cxd6 16. exd6 Bxd6 17. Qf3 Qc7 18. Nf5 Bc5 19. Bxc5 Qxc5+ 20. Kh1 Nc2 21. Rac1 Qxf5 22. Qxf5 Bxf5 23. Rxf5 Nd4 24. Re5 a6 25. Rd1 Nxb5 26. Nxb5 axb5 27. Rxb5 Nc4 28. Rd4 Rc8 29. h4 h5 30. Rxb7 Ne5 31. a4 Ng4 32. g3 Rh6 33. Rf4 Rc1+ 34. Kg2 Rc2+ 35. Kf3 Re6 36. Rxg4 hxg4+ 37. Kxg4 Rc4+ 38. Kf3 Rxa4 39. b4 Ra3+ 40. Kf4 Rf6+ 41. Ke4 Rxg3 42. b5 Rg4+ 43. Kd5 Rxh4 44. b6 Kh7 45. Rb8 Rb4 46. Kc5 Rb1 0-1

[Event "Stuttgart-chA"]
[Site "Stuttgart"]
[Date "2004.??.??"]
[Round "?"]
[White "Juettner, Andreas"]
[Black "Keller, Alfred"]
[Result "1-0"]
[WhiteElo "2070"]
[BlackElo "1815"]
[PlyCount "71"]
[EventDate "2004.05.20"]
[EventType "swiss"]
[EventRounds "7"]
[EventCountry "GER"]
[SourceTitle "EXT 2007"]
[Source "ChessBase"]
[SourceDate "2006.11.23"]
[SourceVersion "1"]
[SourceVersionDate "2006.11.23"]
[SourceQuality "1"]

1. d4 d5 2. Nf3 Nf6 3. c4 dxc4 4. e3 Bg4 5. Bxc4 e6 6. Nbd2 Nbd7 7. Qb3 c5 8. Qxb7 Bd6 9. Qc6 Qb8 10. Ba6 Ke7 11. Bb7 Nd5 12. a3 cxd4 13. exd4 Nf4 14. 0-0 h5 15. Re1 Nd3 16. Re3 Nxc1 17. Rxc1 Bf4 18. Rd3 Bxf3 19. Qxf3 Bxh2+ 20. Kh1 Bd6 21. Rdc3 Nb6 22. Bxa8 Nxa8 23. Nc4 Bc7 24. d5 Nb6 25. d6+ Bxd6 26. Nxd6 Qxd6 27. Rc7+ Nd7 28. Rxa7 Rd8 29. Rd1 Qb6 30. Rb7 Qa6 31. b4 Ke8 32. b5 Ne5 33. Rxd8+ Kxd8 34. bxa6 Nxf3 35. gxf3 Kc8 36. Rxf7 1-0

[Event "Stuttgart-chA"]
[Site "Stuttgart"]
[Date "2004.??.??"]
[Round "?"]
[White "Zeh, Rolf"]
[Black "Keller, Alfred"]
[Result "1-0"]
[WhiteElo "2125"]
[BlackElo "1815"]
[PlyCount "45"]
[EventDate "2004.05.20"]
[EventType "swiss"]
[EventRounds "7"]
[EventCountry "GER"]
[SourceTitle "EXT 2007"]
[Source "ChessBase"]
[SourceDate "2006.11.23"]
[SourceVersion "1"]
[SourceVersionDate "2006.11.23"]
[SourceQuality "1"]

1. d4 d5 2. c4 dxc4 3. Nf3 Nf6 4. Nc3 Nc6 5. e3 Bg4 6. Bxc4 e5 7. dxe5 Qxd1+ 8. Nxd1 Nd7 9. e6 fxe6 10. 0-0 Nce5 11. Nxe5 Nxe5 12. Bb3 Be2 13. Re1 Ba6 14. Nc3 Nd3 15. Rd1 Bc5 16. Ne4 Rf8 17. Rxd3 Bxd3 18. Nxc5 0-0-0 19. Bxe6+ Kb8 20. Nd7+ Rxd7 21. Bxd7 Rd8 22. Bg4 Bf5 23. Be2 1-0

[Event "Stuttgart-chA"]
[Site "Stuttgart"]
[Date "2003.??.??"]
[Round "?"]
[White "Keller, Alfred"]
[Black "Heining, Thomas"]
[Result "1/2-1/2"]
[WhiteElo "1805"]
[BlackElo "2070"]
[PlyCount "92"]
[EventDate "2003.??.??"]
[EventType "swiss"]
[EventRounds "9"]
[EventCountry "GER"]
[SourceTitle "EXT 2007"]
[Source "ChessBase"]
[SourceDate "2006.11.23"]
[SourceVersion "1"]
[SourceVersionDate "2006.11.23"]
[SourceQuality "1"]

1. e4 c5 2. c3 Nf6 3. e5 Nd5 4. d4 cxd4 5. Bc4 Nb6 6. Bb3 d3 7. Qxd3 Nc6 8. Nf3 g6 9. 0-0 Bg7 10. Re1 0-0 11. Bg5 Qc7 12. Qe4 a5 13. Na3 a4 14. Nb5 Qd8 15. Bc2 Ra5 16. Bd3 Na8 17. Be3 b6 18. Rad1 Ba6 19. c4 Qb8 20. Bd2 Bb7 21. Qe3 Ra6 22. Bc3 Nc7 23. Nxc7 Qxc7 24. c5 Raa8 25. cxb6 Qb8 26. Be4 Rd8 27. Bd5 Ra6 28. Bc4 Ra8 29. Bd5 Nxe5 30. Bb4 Bxd5 31. Rxd5 Nc6 32. Bc3 Ra6 33. Red1 Rxb6 34. Rxd7 Re8 35. Qf4 Rb5 36. Qxa4 Ne5 37. Nxe5 Bxe5 38. Bxe5 Qxe5 39. b3 Ra5 40. Qc6 Rxa2 41. R7d5 Qb8 42. b4 Rc8 43. Qxc8+ Qxc8 44. Rd8+ Qxd8 45. Rxd8+ Kg7 46. g3 Rb2 1/2-1/2